Hudson's Building and Engineering Contracts : (Record no. 633)

MARC details
000 -LEADER
fixed length control field 00630nam a22001817a 4500
005 - DATE AND TIME OF INPUT
control field 20231114133109.0
008 - DATA ELEMENTS--GENERAL INFORMATION
fixed length control field 231114b |||||||| |||| 00| 0 eng d
020 ## - INTERNATIONAL STANDARD BOOK NUMBER
International Standard Book Number 421132108
041 ## - LANGUAGE CODE
Language code of text English
082 ## - SHELF NUMBER
DDC number 344.6 HUD
100 ## - MAIN AUTHOR
Main author's name Wallace, IND
Language of a work English
245 ## - TITLE STATEMENT
Title Hudson's Building and Engineering Contracts :
Sub-title Including the Duties and Liabilities of Architects, Engineers and Surveyors /
Statement of responsibility, etc. IND Wallace
250 ## - EDITION STATEMENT
Edition statement Tenth Edition
260 ## - PUBLICATION, DISTRIBUTION, ETC.
Place of publication, distribution, etc. London :
Name of publisher, distributor, etc. Sweet and Maxwell,
Date of publication, distribution, etc. 1970
300 ## - PHYSICAL DESCRIPTION
Other physical details lxviii, 921 pages ;
Dimensions 26 cm.
650 ## - SUBJECT`
Broad subject Legal practice
Own subject terms Law
942 ## - ADDED ENTRY ELEMENTS (KOHA)
Item type Books
942 ## - ADDED ENTRY ELEMENTS (KOHA)
-- ALISON_BN_VRIES
Holdings
Source of classification or shelving scheme Not for loan Collection code Home library Current library Shelving location Date acquired Full call number Barcode Price effective from Koha item type
Dewey Decimal Classification   TEXT BOOKS LAW SOCIETY OF NAMIBIA LIBRARY - WINDHOEK LAW SOCIETY OF NAMIBIA LIBRARY - WINDHOEK Construction and engineering 11/14/2023 344.6 HUD LSN/1986/102 11/14/2023 Books